00983cam a22002533a 4500001000500000005001700005020002400022040002800046050001400074082001500088100001900103245011600122260004100238300004000279500002600319505000800345520023000353521002000583521002000603650002200623650002100645655003000666700003300696101520250221100532.0 a0590662317 (pbk.) : aEOWcEOWdOCLdDLCbeng00aPZ7.D2193 a808.8393621 aBaglio, Ben M.10aPonies at the point /cBen M. Baglio ; illustrations by Jenny Gregory ; cover illustrations by Mary Ann Lasher. aNew York :bScholastic,c1999, 1998. a136 pages :billustrations ;c20 cm a"An Apple paperback." aR  aThe Hopes and James are on holiday in Ireland. Mandy and James are thrilled to discover wild ponies on the beach. But one little foal needs help. She has a cruel head-collar cutting into her face. Who put it on her - and why? a720 bLexile  aR bRaz-Plus  0aAnimalsvFiction. 0aPoniesvFiction. 7aChildren's stories.2lcsh1 aGregory, Jennyeillustrator.